[Event "World Rapid 2019"]
[Site "Moscow RUS"]
[Date "2019.12.26"]
[Round "1.4"]
[White "Tari, Aryan"]
[Black "Korobov, Anton"]
[Result "1/2-1/2"]
[WhiteTitle "GM"]
[BlackTitle "GM"]
[WhiteElo "2634"]
[BlackElo "2668"]
[WhiteFideId "1510045"]
[BlackFideId "14105730"]
[EventDate "2019.12.26"]
[EventType "rapid"]

1. e4 c5 2. Nf3 d6 3. Bb5+ Nd7 4. O-O a6 5. Bd3 Ngf6 6. Re1 b5 7. c3 Bb7 8. a4
c4 9. Bc2 e6 10. d4 cxd3 11. Qxd3 Nc5 12. Qe2 bxa4 13. Be3 Nfd7 14. Bd4 Qc7 15.
Nfd2 e5 16. Bxc5 Nxc5 17. Bxa4+ Nxa4 18. Rxa4 Be7 19. c4 O-O 20. Nc3 Qd7 21.
Rea1 Rfb8 22. Nf1 Bd8 23. Nd5 Bxd5 24. cxd5 Bb6 25. Rxa6 Rxa6 26. Rxa6 g6 27.
Ne3 Bxe3 28. Qxe3 Rxb2 29. h3 Rb8 30. Qa3 Rd8 31. Rc6 Kg7 32. Qc3 Qe7 33. Rc7
Qf6 34. Qf3 Qxf3 35. gxf3 g5 1/2-1/2

[Event "World Rapid 2019"]
[Site "Moscow RUS"]
[Date "2019.12.26"]
[Round "1.6"]
[White "Gasanov, Eldar"]
[Black "Aronian, Levon"]
[Result "0-1"]
[WhiteTitle "GM"]
[BlackTitle "GM"]
[WhiteElo "2481"]
[BlackElo "2775"]
[WhiteFideId "14104466"]
[BlackFideId "13300474"]
[EventDate "2019.12.26"]
[EventType "rapid"]

1. d4 Nf6 2. c4 e6 3. Nc3 Bb4 4. e3 O-O 5. Bd2 d5 6. Nf3 Nbd7 7. Rc1 Re8 8. Qc2
a6 9. Bd3 dxc4 10. Bxc4 b5 11. Be2 Bb7 12. O-O Rc8 13. a3 Bd6 14. b4 e5 15. dxe5
Nxe5 16. Nd4 c5 17. bxc5 Bxc5 18. Qa2 Bxd4 19. exd4 Qxd4 20. Be3 Qh4 21. h3 Nc4
22. Nd1 Bd5 23. Qa1 Qe4 24. Bf3 Qe7 25. Bxd5 Nxd5 26. a4 Ndxe3 27. Nxe3 Nxe3 28.
Rxc8 Nxf1 29. Rxe8+ Qxe8 30. Qxf1 h6 31. axb5 axb5 32. Qb1 Qc6 33. h4 h5 34. g3
Qc4 35. Qf5 g6 36. Qe5 b4 37. Qe8+ Kh7 38. Qd7 b3 39. Qb7 Kg7 40. Kg2 Qc3 41.
Qd5 b2 42. Qb5 Qc2 43. Qe5+ Kh7 0-1

[Event "World Rapid 2019"]
[Site "Moscow RUS"]
[Date "2019.12.26"]
[Round "1.7"]
[White "Fedoseev, Vladimir3"]
[Black "Potkin, Vladimir"]
[Result "1/2-1/2"]
[WhiteTitle "GM"]
[BlackTitle "GM"]
[WhiteElo "2677"]
[BlackElo "2583"]
[WhiteFideId "24130737"]
[BlackFideId "4131061"]
[EventDate "2019.12.26"]
[EventType "rapid"]

1. d4 Nf6 2. c4 g6 3. Nc3 d5 4. cxd5 Nxd5 5. e4 Nxc3 6. bxc3 Bg7 7. Be3 c5 8.
Nf3 Qa5 9. Qd2 O-O 10. Rb1 a6 11. Bc4 b5 12. Bd5 Ra7 13. O-O e6 14. Bb3 Rd7 15.
Bf4 Nc6 16. Qe3 c4 17. Bc2 Qxa2 18. Rfc1 Qa5 19. Ra1 Qd8 20. e5 Ne7 21. Be4 Nd5
22. Bxd5 Rxd5 23. Bg5 f6 24. exf6 Bxf6 25. Bxf6 Qxf6 26. Ne5 Bb7 27. Rcb1 Qe7
28. f3 Rd6 29. Qc1 Bd5 30. Qa3 Qc7 31. Qb4 Kg7 32. Ra5 Rc8 33. Rba1 Bb7 34. R5a2
Rb6 35. Qa5 Qd6 36. Nd7 Rbc6 37. Nc5 Rxc5 38. dxc5 Rxc5 39. Re2 Rh5 40. h3 Bxf3
41. gxf3 Rxh3 42. Qxa6 Qg3+ 43. Rg2 Qh4 44. Qa7+ Kf6 45. Qd4+ Qxd4+ 46. cxd4 Rh5
47. Rb2 Rd5 48. Kf2 e5 49. dxe5+ Kxe5 50. Ra5 1/2-1/2

[Event "World Rapid 2019"]
[Site "Moscow RUS"]
[Date "2019.12.26"]
[Round "1.8"]
[White "Sethuraman, S.P."]
[Black "Artemiev, Vladislav"]
[Result "1/2-1/2"]
[WhiteTitle "GM"]
[BlackTitle "GM"]
[WhiteElo "2638"]
[BlackElo "2731"]
[WhiteFideId "5021596"]
[BlackFideId "24101605"]
[EventDate "2019.12.26"]
[EventType "rapid"]

1. Nf3 d5 2. d4 Nf6 3. c4 dxc4 4. e3 c5 5. Bxc4 e6 6. O-O a6 7. dxc5 Bxc5 8.
Qxd8+ Kxd8 9. b3 Ke7 10. Bb2 Nbd7 11. Nbd2 b6 12. Rac1 Bb7 13. Be2 Rac8 14. Rfd1
Rhd8 15. Nc4 b5 16. Na5 Be4 17. Nd4 e5 18. b4 Bxd4 19. exd4 exd4 20. Bxd4 Rxc1
21. Rxc1 Nf8 22. Bc5+ Ke8 23. a4 bxa4 24. Bxa6 Bd3 25. Nb7 Rd5 26. Bxd3 Rxd3 27.
Nd6+ Kd7 28. Nc4 Ke8 29. Nd6+ Kd7 30. Nc4 Ke8 31. Ra1 Ne6 32. Nb2 Rb3 33. Nxa4
Nd5 34. Nb6 Nxb6 35. Bxb6 Rxb4 36. Be3 f5 37. g3 f4 1/2-1/2

[Event "World Rapid 2019"]
[Site "Moscow RUS"]
[Date "2019.12.26"]
[Round "1.10"]
[White "Nozdrachev, Vladislav"]
[Black "Kamsky, Gata"]
[Result "0-1"]
[WhiteTitle "IM"]
[BlackTitle "GM"]
[WhiteElo "2494"]
[BlackElo "2677"]
[WhiteFideId "24113441"]
[BlackFideId "2000024"]
[EventDate "2019.12.26"]
[EventType "rapid"]

1. e4 g6 2. d4 Bg7 3. Nc3 d6 4. Nf3 a6 5. Be3 b5 6. Qd2 Nd7 7. a4 b4 8. Nd5 a5
9. Bd3 Bb7 10. O-O e6 11. Bg5 f6 12. Nf4 Qe7 13. d5 fxg5 14. Nxe6 Rc8 15. Nfxg5
Bxb2 16. Rab1 Bc3 17. Qe3 c5 18. Bb5 Nf6 19. Qh3 h6 20. Rbe1 Nh5 21. Nf3 Kf7 22.
e5 Nxe5 23. Nxe5+ dxe5 24. f4 Bxd5 25. fxe5+ Kg8 26. Rd1 Bxe6 27. Bc4 Ng7 28.
Rf6 Bxc4 29. Qxc8+ Kh7 30. Qg4 Bd4+ 31. Rxd4 cxd4 32. Qxg6+ Kg8 33. Rc6 Bf7 34.
Rc8+ Be8 35. Qe4 Qd7 36. Ra8 Kf7 37. Rb8 Qe6 38. Qf4+ Kg6 39. Rb7 Rg8 40. g4 Bc6
41. Rb6 Kh7 42. h3 Qd5 43. Kf2 d3 44. cxd3 Qc5+ 45. Qe3 Rf8+ 0-1

[Event "World Rapid 2019"]
[Site "Moscow RUS"]
[Date "2019.12.26"]
[Round "1.14"]
[White "Bartel, Mateusz"]
[Black "Karjakin, Sergey"]
[Result "0-1"]
[WhiteTitle "GM"]
[BlackTitle "GM"]
[WhiteElo "2634"]
[BlackElo "2754"]
[WhiteFideId "1112635"]
[BlackFideId "14109603"]
[EventDate "2019.12.26"]
[EventType "rapid"]

1. c4 Nf6 2. Nc3 e5 3. Nf3 Nc6 4. g3 Bb4 5. Bg2 O-O 6. Nd5 Bc5 7. O-O d6 8. d3
h6 9. e3 a6 10. a3 Ba7 11. b4 Nxd5 12. cxd5 Ne7 13. Nd2 Bf5 14. Nc4 Qd7 15. f4
exf4 16. gxf4 Bh3 17. Ra2 b5 18. Na5 Qg4 19. Rf3 Nxd5 20. Qf1 Bxg2 21. Rxg2 Qh4
22. Kh1 Rae8 23. e4 f5 24. Bb2 Rf7 25. Rfg3 fxe4 26. Rxg7+ Rxg7 27. Rxg7+ Kf8
28. Nc6 exd3 29. Rg3 d2 30. Bg7+ Kf7 31. Ne5+ dxe5 32. fxe5+ Nf4 33. Bf6 Qh5 34.
Rf3 Rg8 0-1

[Event "World Rapid 2019"]
[Site "Moscow RUS"]
[Date "2019.12.26"]
[Round "1.15"]
[White "Andreikin, Dmitry"]
[Black "Novikov, Stanislav"]
[Result "1-0"]
[WhiteTitle "GM"]
[BlackTitle "GM"]
[WhiteElo "2724"]
[BlackElo "2531"]
[WhiteFideId "4158814"]
[BlackFideId "4125371"]
[EventDate "2019.12.26"]
[EventType "rapid"]

1. e4 c5 2. Nc3 e6 3. Nge2 a6 4. d4 cxd4 5. Nxd4 Qc7 6. g4 Bb4 7. Bd2 Nc6 8.
Nxc6 bxc6 9. Qf3 Ne7 10. Qg3 Qxg3 11. hxg3 e5 12. O-O-O d6 13. g5 Bg4 14. Be2
Bxe2 15. Nxe2 Bxd2+ 16. Rxd2 O-O-O 17. Rd3 h6 18. gxh6 Rxh6 19. Rxh6 gxh6 20.
Ra3 Kb7 21. Rf3 Rf8 22. Rf6 Kc7 23. Rxh6 f5 24. Rh7 Kd8 25. exf5 Rxf5 26. f4
exf4 27. Nxf4 Re5 28. Kd2 d5 29. a4 Re4 30. b3 Nf5 31. Nd3 Nxg3 32. Nc5 Re7 33.
Rh6 Kc7 34. Nxa6+ Kb6 35. Nb4 Ne4+ 36. Kc1 Kc5 37. Nd3+ Kb6 38. Nb4 Kc5 39. Nxc6
Rg7 40. Kb2 d4 41. Ne5 Nc3 42. Nd3+ Kd5 43. Rh5+ Kd6 44. Rh1 Rg2 45. Rh4 Kd5 1-0

[Event "World Rapid 2019"]
[Site "Moscow RUS"]
[Date "2019.12.26"]
[Round "1.16"]
[White "Petrov, Nikita"]
[Black "Jakovenko, Dmitry"]
[Result "0-1"]
[WhiteTitle "GM"]
[BlackTitle "GM"]
[WhiteElo "2585"]
[BlackElo "2698"]
[WhiteFideId "4101286"]
[BlackFideId "4122356"]
[EventDate "2019.12.26"]
[EventType "rapid"]

1. c4 e5 2. g3 Nf6 3. Bg2 Bc5 4. Nc3 c6 5. Nf3 e4 6. Nh4 d5 7. d3 Ng4 8. O-O g5
9. d4 Be7 10. f3 Nxh2 11. Kxh2 gxh4 12. fxe4 hxg3+ 13. Kg1 Bd6 14. Qd2 h5 15.
Qg5 Qxg5 16. Bxg5 dxc4 17. e5 Be7 18. Bxe7 Kxe7 19. d5 h4 20. d6+ Ke8 21. Rf4 h3
22. Be4 Be6 23. Bf5 Nd7 24. Bxe6 fxe6 25. Rf3 g2 26. Kh2 Nxe5 27. Rxh3 Kd7 28.
Ne4 g1=Q+ 29. Rxg1 Rxh3+ 30. Kxh3 Rh8+ 31. Kg3 Rg8+ 32. Kf2 Rxg1 33. Kxg1 b5 34.
Kf2 Nf7 35. Ke3 e5 36. b3 cxb3 37. axb3 Nxd6 38. Nc5+ Kc7 39. Kd3 a5 40. e4 Nb7
41. Ne6+ Kd6 42. Ng5 Nc5+ 43. Kc3 Ke7 44. b4 axb4+ 45. Kxb4 Ne6 46. Nf3 Kd6 47.
Nh4 Nd4 0-1

[Event "World Rapid 2019"]
[Site "Moscow RUS"]
[Date "2019.12.26"]
[Round "1.18"]
[White "Rozum, Ivan"]
[Black "Giri, Anish"]
[Result "0-1"]
[WhiteTitle "GM"]
[BlackTitle "GM"]
[WhiteElo "2573"]
[BlackElo "2769"]
[WhiteFideId "24104272"]
[BlackFideId "24116068"]
[EventDate "2019.12.26"]
[EventType "rapid"]

1. c4 e5 2. Nc3 Nf6 3. Nf3 Nc6 4. e4 Bb4 5. d3 d6 6. a3 Bc5 7. b4 Bb6 8. Na4 Bd4
9. Rb1 Bg4 10. Be2 Bxf3 11. Bxf3 Qe7 12. Bd2 a5 13. Nc3 axb4 14. axb4 O-O 15.
O-O Ra3 16. Nb5 Ra2 17. Nc3 Bxc3 18. Bxc3 Rfa8 19. Re1 Nd7 20. Re2 R2a3 21. Bb2
R3a4 22. b5 Nd8 23. Bg4 Ne6 24. Bxe6 Qxe6 25. Bc1 Nc5 26. Be3 Ra3 27. Rd2 b6 28.
Qe2 h6 29. f4 exf4 30. Bxf4 Qf6 31. Rf1 Ra1 32. Be3 Rxf1+ 33. Qxf1 Ra1 34. Rd1
Qxf1+ 35. Rxf1 Rxf1+ 36. Kxf1 Nxd3 37. Bd2 Nc5 38. Ke2 Nxe4 39. Be1 f5 40. Kd3
Kf7 41. g4 Ke6 42. gxf5+ Kxf5 43. Kd4 Nf6 0-1

[Event "World Rapid 2019"]
[Site "Moscow RUS"]
[Date "2019.12.26"]
[Round "1.19"]
[White "Yu, Yangyi"]
[Black "Gundavaa, Bayarsaikhan"]
[Result "1-0"]
[WhiteTitle "GM"]
[BlackTitle "GM"]
[WhiteElo "2738"]
[BlackElo "2489"]
[WhiteFideId "8603820"]
[BlackFideId "4901045"]
[EventDate "2019.12.26"]
[EventType "rapid"]

1. e4 c5 2. Nf3 d6 3. d4 cxd4 4. Nxd4 Nf6 5. Nc3 a6 6. a4 Nc6 7. Nxc6 bxc6 8.
Bd3 g6 9. a5 Bg7 10. O-O O-O 11. Be3 c5 12. Qd2 Bb7 13. Bh6 Qc7 14. Bxg7 Kxg7
15. Rfe1 Rfd8 16. b3 e6 17. Na4 d5 18. Qc3 Rac8 19. Nb6 Rb8 20. exd5 exd5 21. b4
c4 22. Bf1 Qd6 23. Rad1 Kg8 24. Nxc4 Qc6 25. Rd4 dxc4 26. Rxc4 Qd6 27. Qg3 Nd5
28. Re8+ Rxe8 29. Qxd6 Rbd8 30. Qg3 Re1 31. Rd4 Rc8 32. Qd3 Rd8 33. c4 1-0

[Event "World Rapid 2019"]
[Site "Moscow RUS"]
[Date "2019.12.26"]
[Round "1.20"]
[White "Geller, Jakov"]
[Black "Nepomniachtchi, Ian"]
[Result "0-1"]
[WhiteTitle "GM"]
[BlackTitle "GM"]
[WhiteElo "2521"]
[BlackElo "2767"]
[WhiteFideId "4151984"]
[BlackFideId "4168119"]
[EventDate "2019.12.26"]
[EventType "rapid"]

1. e4 c5 2. Nf3 d6 3. Bb5+ Nd7 4. c3 a6 5. Ba4 Nf6 6. Qe2 g6 7. O-O Bg7 8. d4 b5
9. Bc2 Bb7 10. a4 O-O 11. d5 Re8 12. Rd1 b4 13. cxb4 cxb4 14. Nbd2 Rc8 15. Nb3
e6 16. dxe6 Rxe6 17. Ng5 Re7 18. Be3 d5 19. Bd3 h6 20. Nh3 Ra8 21. Nc5 Nxc5 22.
Bxc5 Re8 23. Bxb4 Nxe4 24. Bxe4 Rxe4 25. Qd2 d4 26. f3 Re3 27. Bc5 Qd5 28. Qxe3
dxe3 29. Rxd5 Bxd5 30. Bxe3 Bxb2 31. Rb1 Bg7 32. Nf4 Bc6 33. a5 Rd8 34. Kf2 Bb5
35. Rc1 Bf6 36. Ne2 Rd3 37. Bxh6 g5 38. h4 Rd2 39. Re1 Bc3 40. Bxg5 Ra2 41. Rc1
Rxe2+ 42. Kg3 Bxa5 43. Bf6 Re6 44. Rc8+ Re8 45. Rxe8+ Bxe8 46. Kf4 Bd2+ 47. Ke4
Bb5 48. g4 a5 49. h5 a4 50. g5 a3 51. g6 Bc1 52. Be7 a2 53. Bf6 Bh6 0-1

[Event "World Rapid 2019"]
[Site "Moscow RUS"]
[Date "2019.12.26"]
[Round "1.21"]
[White "Le, Quang Liem"]
[Black "Khusnutdinov, Rustam"]
[Result "1-0"]
[WhiteTitle "GM"]
[BlackTitle "GM"]
[WhiteElo "2713"]
[BlackElo "2491"]
[WhiteFideId "12401137"]
[BlackFideId "13701703"]
[EventDate "2019.12.26"]
[EventType "rapid"]

1. d4 Nf6 2. c4 g6 3. g3 c5 4. d5 b5 5. cxb5 a6 6. bxa6 d6 7. Nc3 Bg7 8. Bg2 O-O
9. Nf3 Nbd7 10. O-O Nb6 11. Re1 Bxa6 12. e4 Nfd7 13. Bf1 Nc4 14. Kg2 Qa5 15.
Bxc4 Bxc4 16. Bd2 Rfb8 17. Qc1 Qa6 18. Bg5 Rb7 19. Qd2 Ne5 20. Nxe5 Bxe5 21. b3
Bb5 22. Bf4 Bd4 23. e5 Bd3 24. exd6 exd6 25. Bxd6 Qxd6 26. Qxd3 Bxc3 27. Qxc3
Qxd5+ 28. Kg1 Rba7 29. Rad1 Qc6 30. a4 Rb7 31. Re5 Rc8 32. Red5 Rbb8 33. h4 h5
34. Rd6 Qe4 35. a5 Qe7 36. a6 Qc7 37. Qc4 Rf8 38. Rxg6+ 1-0

[Event "World Rapid 2019"]
[Site "Moscow RUS"]
[Date "2019.12.26"]
[Round "1.22"]
[White "Triapishko, Alexandr"]
[Black "Svidler, Peter"]
[Result "1/2-1/2"]
[WhiteTitle "IM"]
[BlackTitle "GM"]
[WhiteElo "2502"]
[BlackElo "2723"]
[WhiteFideId "14122286"]
[BlackFideId "4102142"]
[EventDate "2019.12.26"]
[EventType "rapid"]

1. Nf3 c5 2. c4 Nf6 3. g3 b6 4. Bg2 Bb7 5. O-O g6 6. b3 Bg7 7. Bb2 O-O 8. Nc3 d5
9. Nxd5 Nxd5 10. Bxg7 Kxg7 11. cxd5 Bxd5 12. d4 Nd7 13. dxc5 Nxc5 14. Qd4+ f6
15. Rfd1 Bxf3 16. Qe3 Qc7 17. Bxf3 Rad8 18. b4 Rxd1+ 19. Rxd1 Nb7 20. Bxb7 Qxb7
21. Qe6 Rc8 22. f3 Rc6 23. Qd7 Qc7 24. Kf2 Rc2 25. Qxc7 Rxc7 26. Rd3 Kf7 27. h4
Rc4 28. Ra3 Rxb4 29. Rxa7 h5 30. Rb7 Ra4 1/2-1/2

[Event "World Rapid 2019"]
[Site "Moscow RUS"]
[Date "2019.12.26"]
[Round "1.23"]
[White "Matlakov, Maxim"]
[Black "Sakaev, Konstantin"]
[Result "1-0"]
[WhiteTitle "GM"]
[BlackTitle "GM"]
[WhiteElo "2699"]
[BlackElo "2596"]
[WhiteFideId "4168003"]
[BlackFideId "4104226"]
[EventDate "2019.12.26"]
[EventType "rapid"]

1. c4 c6 2. Nf3 d5 3. e3 Nf6 4. Qc2 Nbd7 5. d4 e6 6. b3 Bd6 7. Bb2 O-O 8. Bd3 b6
9. O-O Bb7 10. Nc3 Qe7 11. e4 dxe4 12. Nxe4 Nxe4 13. Bxe4 Nf6 14. Bd3 Ba3 15.
Bxa3 Qxa3 16. c5 Ba6 17. Bxa6 Qxa6 18. Ne5 b5 19. a4 b4 20. Rad1 Rad8 21. Rd3
Rd5 22. Rfd1 Rfd8 23. Qe2 Qb7 24. h4 Qc7 25. Qf3 Ne8 26. g3 h6 27. Kg2 Rc8 28.
g4 Qe7 29. Qg3 f6 30. Ng6 Qf7 31. Nf4 Rd7 32. g5 fxg5 33. hxg5 hxg5 34. Qxg5 Qf5
35. Qxf5 exf5 36. d5 cxd5 37. Rxd5 Rxd5 38. Rxd5 Nf6 39. Rxf5 Ne4 40. Nd3 Nd2
41. Nxb4 Nxb3 42. c6 g6 43. Rf6 Kg7 44. Rd6 a5 45. Nd5 Nc5 46. c7 1-0

[Event "World Rapid 2019"]
[Site "Moscow RUS"]
[Date "2019.12.26"]
[Round "1.24"]
[White "Atabayev, Maksat"]
[Black "Wojtaszek, Radoslaw"]
[Result "1-0"]
[WhiteTitle "GM"]
[BlackTitle "GM"]
[WhiteElo "2475"]
[BlackElo "2725"]
[WhiteFideId "14001101"]
[BlackFideId "1118358"]
[EventDate "2019.12.26"]
[EventType "rapid"]

1. e4 c5 2. Nf3 d6 3. Bb5+ Nd7 4. O-O a6 5. Bxd7+ Bxd7 6. b3 Bg4 7. Bb2 Nf6 8.
d3 e6 9. Nbd2 Be7 10. h3 Bh5 11. Re1 O-O 12. Nf1 h6 13. Ng3 Bg6 14. e5 Nd5 15.
exd6 Bxd6 16. Ne5 Bxe5 17. Rxe5 b6 18. Qg4 Nf6 19. Qf3 Ra7 20. Ne2 Nd7 21. Re3
Qg5 22. Nf4 Bh7 23. Rae1 Re8 24. g3 Qf5 25. Qh5 Qxh5 26. Nxh5 g5 27. Nf6+ Nxf6
28. Bxf6 Rd7 29. Re5 Rc8 30. h4 gxh4 31. Rh5 Rd5 32. Rxh6 hxg3 33. Re3 gxf2+ 34.
Kf1 1-0

[Event "World Rapid 2019"]
[Site "Moscow RUS"]
[Date "2019.12.26"]
[Round "1.25"]
[White "Petrosian, Tigran L."]
[Black "Frolyanov, Dmitry"]
[Result "1/2-1/2"]
[WhiteTitle "GM"]
[BlackTitle "GM"]
[WhiteElo "2601"]
[BlackElo "2556"]
[WhiteFideId "13301616"]
[BlackFideId "4151976"]
[EventDate "2019.12.26"]
[EventType "rapid"]

1. Nf3 d5 2. g3 g6 3. c4 dxc4 4. Na3 Bg7 5. Nxc4 Nc6 6. d3 e5 7. Bd2 Nge7 8. Bg2
O-O 9. O-O Re8 10. Rc1 a5 11. b3 h6 12. Bc3 Nd5 13. Bb2 Qd7 14. a3 f6 15. e4
Nde7 16. Qc2 b6 17. Rfd1 Bb7 18. b4 axb4 19. axb4 Nxb4 20. Ncxe5 Qe6 21. Qxc7
fxe5 22. Qxb7 Rab8 23. Qc7 Rbc8 24. Qa7 Ra8 25. Qb7 Rab8 26. Qc7 Rbc8 27. Qa7
Ra8 28. Qb7 Rab8 29. Qc7 Rbc8 30. Qa7 Ra8 31. Qb7 Rab8 32. Qa7 Ra8 33. Qc7 Rac8
34. Qa7 Ra8 35. Qb7 Rab8 36. Qa7 Ra8 37. Qc7 1/2-1/2

[Event "World Rapid 2019"]
[Site "Moscow RUS"]
[Date "2019.12.26"]
[Round "1.26"]
[White "Salgado Lopez, Ivan"]
[Black "Salem, A.R. Saleh"]
[Result "1/2-1/2"]
[WhiteTitle "GM"]
[BlackTitle "GM"]
[WhiteElo "2605"]
[BlackElo "2675"]
[WhiteFideId "2257327"]
[BlackFideId "9301348"]
[EventDate "2019.12.26"]
[EventType "rapid"]

1. e4 c5 2. c3 d6 3. d4 Nf6 4. Bd3 g6 5. Nf3 Bg7 6. h3 O-O 7. O-O Nfd7 8. Be3
Nc6 9. Nbd2 Rb8 10. a4 cxd4 11. cxd4 Nb4 12. Be2 b6 13. Qb3 a5 14. Bb5 Bb7 15.
Rac1 Nf6 16. d5 Nxe4 17. Nxe4 Bxd5 18. Bc4 Bxe4 19. Ng5 d5 20. Nxe4 dxc4 21.
Rxc4 b5 22. axb5 Rxb5 23. Qa4 Rd5 24. Nc3 Rd6 25. Ne4 Rd3 26. b3 Nd5 27. Bc5 Nb6
28. Bxb6 Qxb6 29. Nc5 Rd2 30. Nd7 Rxd7 31. Qxd7 Qxb3 32. Rc7 Bf6 33. Rb7 Qa2 34.
Ra7 Rb8 35. Qc7 Rb1 36. Qxa5 Rxf1+ 37. Kxf1 Qc4+ 38. Kg1 Qc1+ 39. Kh2 Qf4+ 40.
Kg1 Qc1+ 41. Kh2 Qf4+ 42. Kg1 Qc1+ 1/2-1/2

[Event "World Rapid 2019"]
[Site "Moscow RUS"]
[Date "2019.12.26"]
[Round "1.27"]
[White "Sargissian, Gabriel"]
[Black "Narayanan, Srinath"]
[Result "1/2-1/2"]
[WhiteTitle "GM"]
[BlackTitle "GM"]
[WhiteElo "2689"]
[BlackElo "2529"]
[WhiteFideId "13300881"]
[BlackFideId "5018420"]
[EventDate "2019.12.26"]
[EventType "rapid"]

1. d4 Nf6 2. c4 e6 3. Nf3 d5 4. g3 dxc4 5. Bg2 c5 6. O-O Nc6 7. Qa4 Bd7 8. dxc5
Bxc5 9. Qxc4 Be7 10. e4 O-O 11. Nc3 Qa5 12. Qe2 Rfd8 13. Bd2 Qh5 14. h3 Be8 15.
Rfd1 Nd7 16. Bf4 a6 17. e5 Nc5 18. Ne4 Nxe4 19. Qxe4 Qg6 20. Qxg6 hxg6 21. h4
Nb4 22. Bg5 Kf8 23. Nd4 Rd7 24. a3 Nd5 25. Bxe7+ Nxe7 26. Ne2 Rxd1+ 27. Rxd1 Bc6
28. Bxc6 Nxc6 29. f4 Ke7 30. Nc3 f6 31. exf6+ gxf6 32. Ne4 e5 33. Kf2 Rc8 34.
Rd2 Nd4 35. fxe5 fxe5 36. Kg2 Rc1 37. Ng5 Kd6 38. g4 Rc8 39. Ne4+ Kd5 40. Nc3+
Kc4 41. Kg3 Rf8 42. Rf2 Re8 43. Ne4 Kd3 44. Nc5+ Ke3 45. Rf1 Ne2+ 46. Kg2 Nf4+
47. Kg3 Ne2+ 48. Kg2 e4 49. Nxb7 Rb8 50. Nd6 Nf4+ 51. Kg3 Ne2+ 52. Kg2 Nf4+ 53.
Kg3 Ne2+ 1/2-1/2

[Event "World Rapid 2019"]
[Site "Moscow RUS"]
[Date "2019.12.26"]
[Round "1.28"]
[White "Kryakvin, Dmitry"]
[Black "Tomashevsky, Evgeny"]
[Result "1/2-1/2"]
[WhiteTitle "GM"]
[BlackTitle "GM"]
[WhiteElo "2596"]
[BlackElo "2705"]
[WhiteFideId "4153278"]
[BlackFideId "4147235"]
[EventDate "2019.12.26"]
[EventType "rapid"]

1. d4 Nf6 2. Bg5 d5 3. e3 g6 4. Nd2 Bg7 5. Ngf3 O-O 6. Bd3 c5 7. c3 Qb6 8. Rb1
Nc6 9. O-O cxd4 10. exd4 Bf5 11. Bxf5 gxf5 12. Ne5 Qc7 13. Bf4 Nxe5 14. Bxe5 Qc6
15. Re1 Kh8 16. Re3 Rg8 17. Rg3 Ne4 18. Rxg7 Rxg7 19. Bxg7+ Kxg7 20. f3 Nxd2 21.
Qxd2 Qh6 22. Qxh6+ Kxh6 23. a4 Kg5 24. Ra1 Kf6 25. Ra3 Ke6 26. Rb3 b6 27. a5
bxa5 28. Rb5 a4 29. Ra5 Rb8 30. Rxa4 Rxb2 31. Rxa7 Kf6 32. f4 h5 33. h4 Rb6 34.
Ra5 Ke6 35. Kf2 Kd6 36. Ke3 e6 37. Ra8 Rb2 38. g3 Ke7 39. Rc8 Rb1 40. Rc7+ 1/2-1/2

[Event "World Rapid 2019"]
[Site "Moscow RUS"]
[Date "2019.12.26"]
[Round "1.29"]
[White "Meier, Georg"]
[Black "Yilmaz, Mustafa"]
[Result "1/2-1/2"]
[WhiteTitle "GM"]
[BlackTitle "GM"]
[WhiteElo "2626"]
[BlackElo "2604"]
[WhiteFideId "4675789"]
[BlackFideId "6302718"]
[EventDate "2019.12.26"]
[EventType "rapid"]

1. Nf3 d5 2. g3 g6 3. Bg2 Bg7 4. d4 c6 5. O-O Nf6 6. b3 O-O 7. Bb2 a5 8. c4 a4
9. Nbd2 Bf5 10. e3 Nbd7 11. Qe2 Ne4 12. Nxe4 Bxe4 13. cxd5 cxd5 14. Qb5 Ra5 15.
Qxb7 Nc5 16. dxc5 Bxb2 17. b4 Ra8 18. a3 Bd3 19. Nd4 Rb8 20. Qa7 Ra8 21. Qb7 Rb8
22. Qa7 Ra8 23. Qb7 1/2-1/2

[Event "World Rapid 2019"]
[Site "Moscow RUS"]
[Date "2019.12.26"]
[Round "1.30"]
[White "Reshetnikov, Alexey"]
[Black "Anton Guijarro, David"]
[Result "1/2-1/2"]
[WhiteTitle "IM"]
[BlackTitle "GM"]
[WhiteElo "2492"]
[BlackElo "2685"]
[WhiteFideId "4162080"]
[BlackFideId "2285525"]
[EventDate "2019.12.26"]
[EventType "rapid"]

1. d4 f5 2. Nc3 Nf6 3. Bg5 d5 4. e3 e6 5. Nf3 Be7 6. Bd3 O-O 7. O-O Ne4 8. Bxe7
Qxe7 9. Ne2 c5 10. c4 dxc4 11. Bxc4 Nd6 12. Rc1 Nd7 13. dxc5 Nxc5 14. b4 Nce4
15. Bb3 Nf7 16. Nf4 Kh8 17. Qc2 Neg5 18. Nxg5 Nxg5 19. Qc5 Qxc5 20. Rxc5 b6 21.
Rc7 e5 22. Nd5 Be6 23. Rfc1 Rad8 24. Ne7 Bxb3 25. axb3 g6 26. Nc6 Rd5 27. Nxa7
Rf7 28. Rxf7 Nxf7 29. h3 Nd6 30. Nc8 Nxc8 31. Rxc8+ Kg7 32. Kf1 Rb5 33. Rc4 Kf6
34. Ke2 e4 35. Kd2 Rd5+ 36. Kc2 b5 37. Rc7 h5 38. h4 Ke6 39. Rc6+ Rd6 40. Rc5
Rd5 41. Rc6+ Ke5 1/2-1/2

[Event "World Rapid 2019"]
[Site "Moscow RUS"]
[Date "2019.12.26"]
[Round "1.31"]
[White "Safarli, Eltaj"]
[Black "Shcherbakov, Ruslan"]
[Result "1-0"]
[WhiteTitle "GM"]
[BlackTitle "GM"]
[WhiteElo "2601"]
[BlackElo "2527"]
[WhiteFideId "13402129"]
[BlackFideId "4102240"]
[EventDate "2019.12.26"]
[EventType "rapid"]

1. e4 c5 2. Nc3 Nc6 3. Bb5 g6 4. Nf3 Bg7 5. O-O d6 6. e5 dxe5 7. Bxc6+ bxc6 8.
Re1 Qc7 9. d3 Bf5 10. Qe2 f6 11. Be3 Nh6 12. Bxc5 O-O 13. d4 Nf7 14. dxe5 fxe5
15. Ne4 Rad8 16. c4 Rd7 17. Ba3 Rfd8 18. Nc5 Rd6 19. h3 e4 20. Nh4 Rd2 21. Qf1
Qe5 22. g4 Qf6 23. gxf5 gxf5 24. Nxf5 Qxf5 25. Nxe4 Ne5 26. Nxd2 Rxd2 27. Rxe5
Bxe5 28. Qg2+ Qg6 29. Bxe7 Rxb2 30. Rd1 Qxg2+ 31. Kxg2 Rxa2 32. Rd7 Kf7 33. Bc5+
Kg6 34. Re7 Kf5 1-0